000 00284nam a22001337a 4500
008 170920b xxu||||| |||| 00| 0 eng d
020 _a9780811807906
041 _aeng
080 _a7
100 _a45
101 _aART
245 _aARTS AND CRAFTS
_cWISSINGER,J
942 _2udc
_cBK
999 _c28452
_d28452